| 000 | 01136nam a2200301Ia 4500 | ||
|---|---|---|---|
| 001 | u26009 | ||
| 003 | SIRSI | ||
| 005 | 20180219123922.0 | ||
| 007 | he|amb|||bacu | ||
| 008 | 000816s1968 ua a b 000 0 eng d | ||
| 039 | 9 |
_a200312151101 _bnehal _y200203190952 _zload |
|
| 040 | _aEAL | ||
| 090 |
_aThesis _bS-1494 |
||
| 100 | 1 | _aEl-Atrouzy, Nawal Abd Allah. | |
| 245 | 1 | 0 |
_aEcological studies on mites associated with truck crops _h[microform] / _cNawal Abd Allah El-Atrouzy. |
| 246 | _aحصر ودراسة الكثافة العددية لانواع الاكاروسات التى تصيب الخضر منطقة الجيزة. | ||
| 260 | _c1968. | ||
| 300 |
_a126, 13 leaves : _bill. ; _c30 cm. |
||
| 502 | _aThesis (M.S.)-- Cairo University, 1968. | ||
| 504 | _aIncludes bibliographical references (leaves 116-126). | ||
| 533 |
_aMicrofiche. _bASUNET, _cAin Shams University, _e3 microfiches : negative. |
||
| 546 | _aSummary in Arabic. | ||
| 596 | _a1 | ||
| 650 | 0 |
_aMites _xEcology. |
|
| 650 | 0 |
_aVegetables _xDiseases and pests. |
|
| 650 | 0 | _aVegetable gardening. | |
| 942 |
_cMIC _2lcc |
||
| 999 |
_c6494 _d6494 |
||